Efektivita veľtrhov a výstav v porovnaní s inými komunikačnými kanálmi
Komunikácia cez médiá je oveľa menej efektívna ako priama komunikácia so zákazníkom, pretože médiá nedokážu komplexne informovať o produkte. Dokážu produkt iba predstaviť, že existuje, no podať o ňom len minimum najzákladnejších informácií. Pri zovšeobecnení do indexu efektivita – cena, majú veľtrhy...
Salvato in:
| Autore principale: | |
|---|---|
| Natura: | Capitolo di libro |
| Lingua: | slovacco |
| Soggetti: | |
| Tags: |
Nessun Tag, puoi essere il primo ad aggiungerne!!
|
MARC
| LEADER | 00000nla$a2200000$$$4500 | ||
|---|---|---|---|
| 001 | 0125136 | ||
| 005 | 20240502072426.3 | ||
| 041 | 0 | |a slo | |
| 044 | |a SK | ||
| 245 | 1 | 0 | |a Efektivita veľtrhov a výstav v porovnaní s inými komunikačnými kanálmi |c Alexander Rozin |
| 520 | |a Komunikácia cez médiá je oveľa menej efektívna ako priama komunikácia so zákazníkom, pretože médiá nedokážu komplexne informovať o produkte. Dokážu produkt iba predstaviť, že existuje, no podať o ňom len minimum najzákladnejších informácií. Pri zovšeobecnení do indexu efektivita – cena, majú veľtrhy a výstavy podstatne vyšší index ako reklama v médiách. | ||
| 610 | 2 | 0 | |a komunikácia marketingová |
| 610 | 2 | 0 | |a reklama |
| 610 | 2 | 0 | |a médiá |
| 610 | 2 | 0 | |a veľtrhy |
| 610 | 2 | 0 | |a výstavy |
| 100 | 1 | |a Rozin, Alexander | |